| 000 | 00410cam a22001337a 4500 | ||
|---|---|---|---|
| 008 | 180718b1952 xxu||||| |||| 00| 0 eng d | ||
| 082 | _aB5x44 C246 | ||
| 100 | _aCarter, Gwendolen M. | ||
| 245 |
_aGovernment of France _cby Gwendolen M. Carter |
||
| 260 |
_aCalcutta _bWorld Press _c1952 |
||
| 300 | _a292p | ||
| 650 | _aFrance --Politics and government --1958-1969. | ||
| 650 | _aFrance --Politics and government | ||
| 999 |
_c422148 _d422148 |
||